Central Library OPAC University of Rajshahi

সিপাহী যুদ্ধের ইতিহাস / (Record no. 44202)

MARC details
000 -LEADER
fixed length control field 01159nam a2200289 a 4500
001 - CONTROL NUMBER
control field 44202
003 - CONTROL NUMBER IDENTIFIER
rucl marc code BD-RjUL
005 - DATE AND TIME OF LATEST TRANSACTION
control field 20211209053820.0
008 - FIXED-LENGTH DATA ELEMENTS--GENERAL INFORMATION
fixed length control field 160714s19811997ii ||||| |||| 00| 0 ben d
020 ## - INTERNATIONAL STANDARD BOOK NUMBER
Terms of availability : IRs. 50.00 (V-1)
Terms of availability : IRs. 25.00 (V-2):1981 ; IRs. 50.00 (V-2):1996
Terms of availability : IRs. 25.00 (V-3)
Terms of availability : IRs. 50.00 (V-5)
035 ## - SYSTEM CONTROL NUMBER
System control number (BD-RjUL)44320
040 ## - CATALOGING SOURCE
Original cataloging agency BD-RjUL
Language of cataloging ben
Transcribing agency BD-RjUL
Modifying agency BD-RjUL
041 ## - LANGUAGE CODE
Language code of text/sound track or separate title ben
082 ## - DEWEY DECIMAL CLASSIFICATION NUMBER
Edition number 23
Classification number B 954.0317
Author mark and year GUS 1981-1997
100 1# - MAIN ENTRY--PERSONAL NAME
Personal name গুপ্ত, রজনীকান্ত
9 (RLIN) 135723
245 10 - TITLE STATEMENT
Title সিপাহী যুদ্ধের ইতিহাস /
Statement of responsibility, etc. রজনীকান্ত গুপ্ত
250 ## - EDITION STATEMENT
Edition statement ১ম নবপত্র প্রকাশ
260 ## - PUBLICATION, DISTRIBUTION, ETC. (IMPRINT)
Place of publication, distribution, etc. কলকাতা :
Name of publisher, distributor, etc. নবপত্র প্রকাশন,
Date of publication, distribution, etc. ১৯৮১-১৯৯৭
300 ## - PHYSICAL DESCRIPTION
Pagination খণ্ড ;
Size ২২ সেমি.
505 0# - FORMATTED CONTENTS NOTE
Formatted contents note খণ্ড ১ -- খণ্ড ২ -- খণ্ড ৩ -- খণ্ড ৫ --
650 ## - SUBJECT ADDED ENTRY--TOPICAL TERM
Geographic subdivision ভারত
Topical term or geographic name as entry element ইতিহাস
Chronological subdivision ১৮৫৭-১৮৫৮
9 (RLIN) 135724
Geographic subdivision India
Topical term or geographic name as entry element History
General subdivision 1857-1858
9 (RLIN) 135725
942 ## - ADDED ENTRY ELEMENTS (KOHA)
Source of classification or shelving scheme Dewey Decimal Classification
Koha item type Books
Holdings
Lost status Source of classification or shelving scheme Damaged status Not for loan Collection code Permanent Location Current Location Shelving location Date acquired Source of acquisition Cost, normal purchase price Total Checkouts Full call number Date last seen Copy number Koha item type
  Dewey Decimal Classification     Non-fiction Central Library, University of Rajshahi Central Library, University of Rajshahi   08/03/1998 Dhaka alighor library 50.00   B 954.0317 GUS V-5 1983 14/07/2016 C-2 Books
  Dewey Decimal Classification     Non-fiction Central Library, University of Rajshahi Central Library, University of Rajshahi   08/03/1998 Aligash library, Rajshahi 50.00   B 954.0317 GUS V-2 1997 05/11/2016 C-2 Books
  Dewey Decimal Classification     Non-fiction Central Library, University of Rajshahi Central Library, University of Rajshahi   08/03/1998 Agami prokashoni 50.00   B 954.0317 GUS V-1 1996 06/11/2016 C-2 Books
  Dewey Decimal Classification   Not For Loan Non-fiction Central Library, University of Rajshahi Central Library, University of Rajshahi Reading Room 29/02/1984 Dhaka, Tulip Enterprses 25.00   B 954.0317 GUS V-2 1981 30/04/2017 C-1 Books
  Dewey Decimal Classification   Not For Loan Non-fiction Central Library, University of Rajshahi Central Library, University of Rajshahi   29/02/1984 Dhaka, Tulip Enterprses 25.00   B 954.0317 GUS V-3 1983 26/01/2020 C-2 Books